| 000 | 01784nam a2200445 c 4500 | ||
|---|---|---|---|
| 001 | 53596 | ||
| 003 | ES-MaCES | ||
| 005 | 20250224125041.0 | ||
| 007 | cr ||||||||||| | ||
| 008 | 250224s2024 sp d r o000 | spa d | ||
| 024 | 7 |
_a121-24-012-8 _2nipo |
|
| 040 |
_aES-MaCES _bspa _cES-MaCES |
||
| 100 | 1 |
_aMahía Casado, Ramón _917301 |
|
| 245 | 1 | 0 |
_aAnálisis del impacto económico de la discriminación y la desigualdad entre la población autóctona y la extranjera residente en España _hRecurso electrónico _c[autores, Ramón Mahía Casado y Eva Medina Moral] |
| 260 |
_aMadrid _b(Observatorio Español de Racismo y Xenofobia OBERAXE) _c2024 |
||
| 300 |
_a1 documento pdf _c(2,26 mb) |
||
| 504 | _aBibliografía: p. 86-90 | ||
| 541 | _cGratuito | ||
| 650 | 4 |
_ainmigrante _928631 |
|
| 650 | 4 |
_aextranjero _928630 |
|
| 650 | 4 |
_adiscriminación _927180 |
|
| 650 | 4 |
_atrabajador migrante _928408 |
|
| 650 | 4 |
_aoportunidades de empleo _927182 |
|
| 650 | 4 |
_adiferencia del salario _929458 |
|
| 650 | 4 |
_aoportunidades de educación _927181 |
|
| 650 | 4 |
_anivel educativo _927448 |
|
| 650 | 4 |
_adesigualdad social _930789 |
|
| 650 | 4 |
_adesigualdad económica _929371 |
|
| 650 | 4 |
_aevaluación del impacto _930732 |
|
| 650 | 4 |
_aconsecuencias económicas _927082 |
|
| 650 | 4 |
_aanálisis económico _927070 |
|
| 650 | 4 |
_aEspaña _926964 |
|
| 653 | 1 | 0 | _aAsuntos Sociales |
| 700 | 1 |
_aEva Medina Moral _941307 |
|
| 710 | 2 |
_aObservatorio Español del Racismo y la Xenofobia _94652 |
|
| 787 | 0 |
_tEvolución del racismo, la xenofobia y otras formas conexas de intolerancia en España : [informe 2013]] _w(ES-MaCES)51903 |
|
| 856 | 4 |
_uhttp://biblioteca.ces.es/repintra/B53596.pdf _ytexto completo _z[intranet] |
|
| 902 | _aELE PUB. ELECTRONICA | ||
| 942 |
_2CES _cBK _h3.3. |
||
| 999 |
_c53596 _d53596 |
||